00309nam a2200121Ia 4500008004100000040001800041041001200059082001600071100001400087245006600101260000900167300001100176230917s9999||||xx |||||||||||||| ||und|| e5011475aMAIN aEnglish a823.09 A44P aAakanksha 0aPortrayal of women in the selected works of Dalip Kaur Tiwana c2021 a243 p.